Convex analysis in general vector spaces

Αποθηκεύτηκε σε:
Λεπτομέρειες βιβλιογραφικής εγγραφής
Κύριος συγγραφέας: Zalinescu, C. 1952-
Μορφή: Βιβλίο
Γλώσσα:English
Δημοσίευση: New Jersey : World Scientific, c2002
Θέματα:
Ετικέτες: Προσθήκη ετικέτας
Δεν υπάρχουν, Καταχωρήστε ετικέτα πρώτοι!

MARC

LEADER 00000nam a2200000 i 4500
001 1/76657
008 080304s2002 eng d
020 |a 981-238-067-1 
035 |l 10095243 
040 |a GR-MY-UA  |b gre  |e aacr 
041 0 |a eng 
082 0 |a 515.8  |2 (22) 
100 1 |a Zalinescu, C.  |d 1952- 
245 1 0 |a Convex analysis in general vector spaces /  |c C. Zalinescu 
260 |a New Jersey :   |b World Scientific,   |c c2002 
300 |a xx, 367 σ.;  |c 24 εκ. 
504 |a Βιβλιογραφία: σ. 349-357. Ευρετήριο 
650 0 0 |a Convex functions. 
650 0 0 |a Functional analysis. 
650 0 0 |a Vector spaces. 
852 |a INST  |b SYROS  |e 20080304  |h 515.8 ZAL  |p 005500006441  |q 005500006441  |t BK  |y 0 
901 |a BIBL5-2008-1 
909 |a Ε  |b 142539 
922 |a 5ΕΛΗ  |b 200712  |c ΕΠΕΑΕΚ2/ΤΜΣΠΣ  |d ΕΛΕΥΘΕΡΟΥΔΑΚΗΣ 
970 |a ΚΟΝΤΟΥ  |b ΠΑΡΑΣΚΕΥΗ  |z 2008/03/04